000 00708nmc a2200277 a 4500
003 AR-BaBNM
005 20251128205613.0
008 288019s1994 ||||||||||||||000 | spa||
020 _a950-04-1434-1
040 _cAR-BaBNM
100 1 _aCastillo, Abelardo
245 1 0 _aLa casa de ceniza
250 _a1ª ed.
260 _aBuenos Aires
_bEmecé
_c1994
300 0 _a142 p.
490 0 _aEscritores argentinos. Novelas, cuentos y relatos
650 4 _aLITERATURA ARGENTINA
650 4 _aLITERATURA CONTEMPORANEA
650 4 _aESCRITORES
650 4 _aNOVELAS
653 _aINFLUENCIA CLASICA
653 0 _aNOVELA CONTEMPORANEA
655 _aLITERATURA
942 _cBK
998 _cMARTIN
999 _c12090
_d12090